| 000 | 00886cam a2200253 a 4500 | ||
|---|---|---|---|
| 001 | 000004759 | ||
| 005 | 20250612105738.0 | ||
| 008 | 741209s1974 sp 001 0 spa | ||
| 020 | _a842530377x | ||
| 040 |
_aDO-SdBNP _cCtY _dOCoLC _dDLC |
||
| 041 | 1 | 7 |
_aspa _hfr _2Código de idioma MARC |
| 082 |
_a327.73 _bB517m |
||
| 100 | 1 |
_aBernadac, Christian, _d1937-2003. _913821 |
|
| 240 | 1 | 4 |
_aLes mannequins nus. _lEspañol |
| 245 | 1 | 4 |
_aLos maniquíes desnudos : _bauschwitz / _cChristian Bernadac ; traducido por Pedro Ardiaca. |
| 260 |
_aBarcelona : _bGrijalbo, _c1974. |
||
| 300 |
_a3 v. ; _c20 cm. |
||
| 504 | _aBibliografía: v 1. p. 341-345. | ||
| 534 |
_aTítulo original: _tLes mannequins nus. |
||
| 650 | 0 |
_a Guerra Mundial, 1939-1945 _913822 |
|
| 650 | 4 |
_aCampo de concentración _zEuropa _913823 |
|
| 700 | 1 |
_aArdiaca, Pedro, _etr. _913824 |
|
| 910 | _aCatalogación por copia / LC | ||
| 999 |
_c4565 _d4565 |
||